=LDR 00000nam 2200000 4500 =001 INLIS000000000036891 =005 20130612142642 =008 ***********************************Ind** =035 ##$$0010-061300000036891 =041 ##$$a Ind =082 ##$$a 363.25 =090 ##$$a 363.25, Sho p =100 ##$$a Shome, Rob =245 ##$$a Penyelidik TKP, Rob Shone ; alih bahasa, Fransiska Dyah H =260 ##$$a 2008 $b Jakarta =300 ##$$a 208 hlm, ilus, 25 cm =650 ##$$a Kriminal-pengusutan =850 ##$$a NBPNMAT